000 00415nam a2200193Ia 4500
008 210210b1925 xxu||||| |||| 00| 0 eng d
041 _aeng
082 _a550/14
100 _aLAKE
245 _aText book of geology
260 _aLondon
_bEdward Arnold & Co
_c1925
650 _aText
650 _aof
650 _ageology
650 _abook
690 _aGeology
700 _aRASTALL
906 _a010158
999 _c137926
_d137926